| 000 | 01275 a2200277 4500 | ||
|---|---|---|---|
| 001 | 41181 | ||
| 005 | 20260407155705.0 | ||
| 008 | 260407a1997 arg spa d | ||
| 003 | AR-UNSa-BCEJYS | ||
| 040 |
_aAR-UNSa-BCEJYS _bspa _cAR-UNSa-BCEJYS |
||
| 080 |
_a347.736 _xQuiebra. Insolvencia. Suspensión de pagos. Bancarrota, procedimientos. Derecho Concursal |
||
| 245 | 1 | 0 |
_aDerecho concursal argentino e iberoamericano _pIII Congreso Argentino de derecho concursal ; I Congreso Iberoamericano sobre la insolvencia |
| 020 | _a950-894-104-9 | ||
| 264 | 1 |
_aBuenos Aires : _bAD-HOC _c1997 |
|
| 300 |
_a4 v. _c23 cm. |
||
| 505 | _aVol. I: prevención, concurso preventivo, salvataje -- Vol. II: quiebra, sindicatura, desempeño profesional | ||
| 041 | _aspa | ||
| 942 | _cBK | ||
| 590 | _aniveau_biblio:m niveau_hierar:0 | ||
| 100 | 1 | _aFavier Dubois, Eduardo Mario (h) | |
| 700 | 1 | _aCongreso Iberoamericano sobre la insolvencia (1º : 1997 nov. 27-29 : Mar del Plata, Argentina) | |
| 700 | 1 | _aCongreso Argentino de Derecho Concursal (3º : 1997 nov. 27-29 : Mar del Plata, Argentina) | |
| 700 | 1 | _aBergel, Salvador Dario | |
| 700 | 1 | _aNissen, Ricardo Augusto | |
| 856 | 4 | 1 |
_uhttps://biblioeco.unsa.edu.ar/pmb/images/libros/L126414_01.jpg _yImagen de portada _qimage/jpeg |
| 999 |
_c3401 _d3401 |
||